Responses for Show #5446 - Monday, April 21, 2008

Contestants

[<< previous game]

Brett Kirwan, a naval officer originally from Avon Lake, Ohio

Rosalind Jaffe, a bank manager from Onekama, Michigan

Gabriel Schechter, a researcher from Cooperstown, New York (whose 1-day cash winnings total $19,600)

[next game >>]

Jeopardy! Round responses

TRAVEL EUROPE
I "LIKE" THIS SONG
PRESIDENTIAL PASTIMES
RHYME QUEST
(Alex: Each correct response will rhyme with the word "quest".)
WHO'S FOR DESSERT?
TIME FOR LEFTOVERS
    $200 3
Paris

Rosalind
    $200 16
"Like A Rock"

Brett
    $200 8
Reagan

Gabriel
    $200 13
a test

Brett
    $200 1
Robert E. Lee

Brett
    $200 24
little boys

Rosalind
    $400 4
Bern

Rosalind
    $400 20
(Brett: What is "Hungry Like A Wolf"?)

"Hungry Like The Wolf"

Brett
Triple Stumper
    $400 9
poker

Gabriel
    $400 14
best

Gabriel
    $400 2
Martha Washington

Rosalind
    $400 25
a toilet

Gabriel
    $600 5
Sweden

Gabriel
    $600 21
"Like A Rolling Stone"

Rosalind
    $600 10
philately

Brett
    $600 15
rest

Rosalind
    $600 17
Sarah Bernhardt

Gabriel
    $600 26
a bunch

Brett
    $800 6
the Peloponnesian peninsula

Brett
    $800 22
"Like A Virgin" & "Like A Prayer"

Brett
    $800 11
Teddy Roosevelt

Rosalind
    $800 18
a guest

Brett
    $800 29
the Queen of Sheba

Brett
    $800 27
(Rosalind: What is Tickle Me Elmo?)

Furbies

Rosalind
Triple Stumper
    $1000 7
the Vienna Boys' Choir

Gabriel
    $1000 23
"There's No Business Like Show Business"

Brett
    $1000 12
Calvin Coolidge

Rosalind
    $1000 19
zest

Brett
    $1000 30
Pavlova

Rosalind
    $1000 28
(Brett: What is 50?)
(Gabriel: What is 500?)

15

GabrielBrett
Triple Stumper

Scores at the first commercial break (after clue 15):

Gabriel Rosalind Brett
$2,600 $3,400 $1,800

Scores at the end of the Jeopardy! Round:

Gabriel Rosalind Brett
$2,600 $4,400 $5,600

Double Jeopardy! Round responses

PHYSICS
THEATRE
TEXAS
BUSINESS TALK
MARINE LIFE
CROSSWORD CLUES "N"
    $400 16
gas

Gabriel
    $400 7
Dublin

Rosalind
    $400 1
the Rangers

Brett
    $400 20
capital

Brett
    $400 25
a turtle

Rosalind
    $400 6
a nail

Rosalind
    $800 17
(Rosalind: What is an ellipse?)

a parabola

Rosalind
Triple Stumper
    $800 8
Lenin

Gabriel
    $800 2
Louisiana

Gabriel
    $800 21
sanctions

Brett
    $800 27
a molly

Rosalind
    $800 12
Nehru

Gabriel
    $3,000 18
(Alex: Gabriel?)
(Gabriel: [Sighs])
(Alex: Yeah, it's tough, huh?)
(Gabriel: [Laughs])
(Alex: Anything?)
(Gabriel: What is, uh, what is density and volume?)

momentum

Gabriel
    $1200 9
Sophocles

Rosalind
    $3,400 3
(Gabriel: Alex, let's make it a true daily double.)

a panhandle

Gabriel
    $1200 22
bait and switch

Triple Stumper
    $1200 28
plankton

Triple Stumper
    $1200 13
nothing

Gabriel
    $1600 19
relativity

Brett
    $1600 10
(Brett: Who is Neil Simon?)

August Wilson

RosalindBrett
    $1600 4
the Republic of Texas

Brett
    $1600 23
conglomerate

Rosalind
    $1600 29
coho

Gabriel
    $1600 14
Nashville

Brett
    $2000 26
atomic nuclei

Triple Stumper
    $2000 11
Tiny Alice

Gabriel
    $2000 5
(Brett: Who is Sheila Jackson Lee?)

Barbara Jordan

GabrielBrett
    $2000 24
most favoured nation

Rosalind
    $2000 30
the gobi

Rosalind
    $2000 15
night

Gabriel

Scores at the end of the Double Jeopardy! Round:

Gabriel Rosalind Brett
$14,600 $14,000 $8,400

[wagering suggestions for these scores]

Final Jeopardy! Round responses

MILITARY MEN
BrettWho is Patton?
$8,399
RosalindWho is MacArthur
$3,000
GabrielWho is Eisenhower?
$13,401
George Patton

Final scores:

Gabriel Rosalind Brett
$1,199 $11,000 $16,799
3rd place: $1,000 2nd place: $2,000 New champion: $16,799

Game dynamics:

Coryat scores:

Gabriel Rosalind Brett
$15,400 $14,000 $8,400
17 R
(including 1 DD),
2 W
(including 1 DD)
18 R,
2 W
17 R
(including 1 DD),
4 W

Combined Coryat: $37,800

[game clues] [game scores] [suggest correction]

Game tape date: 2008-02-12
The J! Archive is created by fans, for fans. Scraping, republication, monetization, and malicious use prohibited; this site may use cookies and collect identifying information. See terms. The Jeopardy! game show and all elements thereof, including but not limited to copyright and trademark thereto, are the property of Jeopardy Productions, Inc. and are protected under law. This website is not affiliated with, sponsored by, or operated by Jeopardy Productions, Inc. Join the discussion at JBoard.tv.